Fundamentals of tribology / (رقم التسجيلة. 77358)
[ عرض عادي ]
| 000 -الفاتح | |
|---|---|
| حقل البيانات ثابتة الطول | 00856cam a2200277 a 4500 |
| 001 - رقم الضبط | |
| رقم الضبط | 17424983 |
| 003 - محدد رقم الضبط | |
| رقم الضبط | OSt |
| 005 - وقت وتاريخ اخر تعامل مع التسجيلة | |
| رقم الضبط | 20191122170428.0 |
| 008 - عناصر البيانات ثابتة الطول - معلومات عامة | |
| حقل البيانات ثابتة الطول | 120809s2012 enka b 001 0 eng |
| 020 ## - الرقم الدولى المعيارى للكتب | |
| الرقم الدولى المعيارى للكتاب | 9781848168602 |
| 020 ## - الرقم الدولى المعيارى للكتب | |
| الرقم الدولى المعيارى للكتاب | 1848168608 |
| 040 ## - مصدر الفهرسة | |
| وكالة الفهرسة الأصلية | DLC |
| وكالة النسخ | DLC |
| وكالة التعديل | DLC |
| 050 00 - رقم طلب مكتبة الكونجرس | |
| رقم التصنيف | TJ1075 |
| رقم المادة | .G635 2012 |
| 082 00 - رقم تصنيف ديوى العشرى | |
| رقم التصنيف | 621.89 |
| رقم الطبعة | 23 |
| رقم المادة | GRF |
| 100 1# - المدخل الرئيسى - إسم شخصى | |
| الإسم الشخصى | Gohar, R. |
| التواريخ المصاحبة للاسم | 1928- |
| 245 10 - بيان العنوان | |
| العنوان | Fundamentals of tribology / |
| بيان المسئوليه,etc | R. Gohar, H. Rahnejat. |
| 250 ## - بيان الطبعة | |
| بيان الطبعة | 2nd ed. |
| 260 ## - PUBLICATION, DISTRIBUTION, ETC. (IMPRINT) | |
| مكان الناشر او الموزع | London : |
| اسم الناشر او الموزع | Imperial College Press, |
| تاريخ النشر أو التوزيع | c2012. |
| 300 ## - الوصف المادى | |
| التعداد | xxix, 427 p. : |
| تفاصيل ماديه اخرى للوعاء | ill. ; |
| أبعاد الوعاء | 24 cm. |
| 504 ## - تبصرة ببليوجرافية | |
| تبصرة ببليوجرافية,الخ | Includes bibliographical references and index. |
| 650 #0 - المدخل الاضافى بالموضوع-مصطلح موضوعى | |
| مصطلح موضوعي أو اسم جغرافي كعنصر مدخل | Tribology. |
| 700 1# - المدخل الاضافى - اسم شخصى | |
| الإسم الشخصى | Rahnejat, Homer. |
| 952 ## - LOCATION AND ITEM INFORMATION (KOHA) | |
| نوع المادة فى نظام كوها | كتاب |
| 952 ## - LOCATION AND ITEM INFORMATION (KOHA) | |
| نوع المادة فى نظام كوها | كتاب |
| 952 ## - LOCATION AND ITEM INFORMATION (KOHA) | |
| نوع المادة فى نظام كوها | كتاب |
| 942 ## - | |
| -- | ddc |
| -- | BOOK |
| 906 ## - عنصر بيانات محلى F, LDF (RLIN) | |
| a | 7 |
| b | cbc |
| c | origcop |
| d | 2 |
| e | ncip |
| f | 20 |
| g | y-gencatlg |
| حالة الفقد | نموذج السعر الفعال | حالة تلف | ليس للاعارة | تاريخ الاكتساب | رقم الطلب | تاريخ الاكتساب | الموقع الحالي | الباركود | الفرع الرئيسي | Date last seen | مصدر التصنيف او خطة الترفيف | Total Checkouts |
|---|---|---|---|---|---|---|---|---|---|---|---|---|
| 2019-11-22 | 2019-11-22 | 621.89 GRF | 2019-11-22 | CL | 00158598 | المكتبة المركزية بالمجمعة (CL) | 2019-11-22 | Dewey Decimal Classification | ||||
| 2019-11-22 | 2019-11-22 | 621.89 GRF | 2019-11-22 | CL | 00158599 | المكتبة المركزية بالمجمعة (CL) | 2019-11-22 | Dewey Decimal Classification | ||||
| 2019-11-22 | 2019-11-22 | 621.89 GRF | 2019-11-22 | CL | 00158600 | المكتبة المركزية بالمجمعة (CL) | 2019-11-22 | Dewey Decimal Classification |
